000 00314 a2200133 4500
001 90314
082 _a297.4 RAF
090 _c42634
_d42634
100 _aAhmad Rafiq Akhtar
245 _aAnfus o Aafaaq
_hUrdu
260 _aLahore
_bSang-e-Meel Publications
_c2014
300 _a264p.
500 _aGeneral Books
942 _aCAE NUST
_k297.4 RAF
999 _c325387
_d325387